City to Country - Click Quiz - Statistics

General Stats
  • This quiz has been taken 1,188 times
  • The average score is 48 of 193
Answer Stats
Hint Answer % Correct
Nice France
78%
Houston United States
78%
Cologne Germany
76%
Perth Australia
75%
Leeds United Kingdom
75%
Seville Spain
74%
Calgary Canada
73%
Turin Italy
73%
Christchurch New Zealand
71%
Bangalore India
68%
Innsbruck Austria
67%
Sapporo Japan
67%
Fez Morocco
67%
Basel Switzerland
66%
Galway Ireland
65%
Novosibirsk Russia
64%
Durban South Africa
64%
Tianjin China
63%
Haifa Israel
61%
Medina Saudi Arabia
61%
Dnipro Ukraine
60%
Eindhoven Netherlands
59%
Liège Belgium
58%
Fortaleza Brazil
54%
Kandahar
Afghanistan
53%
Da Nang Vietnam
53%
Poznań Poland
52%
Guayaquil Ecuador
51%
Uppsala Sweden
51%
Cali Colombia
50%
Basra Iraq
50%
Chittagong Bangladesh
49%
Benghazi Libya
49%
Rosario Argentina
48%
Mandalay Myanmar
48%
Stavanger Norway
47%
Limassol Cyprus
46%
Puebla Mexico
46%
Port Said Egypt
45%
Montego Bay Jamaica
45%
Daegu South Korea
45%
Chiang Mai Thailand
44%
Plovdiv Bulgaria
43%
Cotonou Benin
42%
Valparaíso Chile
42%
Davao City Philippines
42%
Turku Finland
41%
Oran Algeria
40%
Bujumbura Burundi
40%
Siem Reap Cambodia
39%
Odense Denmark
39%
Rawalpindi Pakistan
39%
Braga Portugal
39%
Timișoara Romania
38%
Mashhad Iran
37%
Tiraspol Moldova
37%
Samarkand Uzbekistan
36%
Ostrava Czech Republic
35%
Lubumbashi Democratic Republic of the Congo
35%
Ibadan Nigeria
35%
Rijeka Croatia
33%
Niš Serbia
32%
Sharjah United Arab Emirates
32%
Santa Cruz Bolivia
31%
Homs Syria
31%
Taichung Taiwan
31%
Szeged Hungary
30%
Medan Indonesia
30%
Schaan Liechtenstein
30%
Adana Turkey
30%
Johor Bahru Malaysia
29%
Vlorë Albania
28%
Cabinda Angola
27%
Kumasi Ghana
26%
Batumi Georgia
25%
Klaipėda Lithuania
25%
Walvis Bay Namibia
25%
Borgo Maggiore San Marino
25%
Vitebsk Belarus
24%
Larissa Greece
24%
Quetzaltenango Guatemala
24%
Akureyri Iceland
23%
Osh Kyrgyzstan
22%
Sousse Tunisia
21%
Camagüey Cuba
20%
Narva Estonia
20%
Trujillo Peru
20%
Hargeisa Somalia
20%
Liepāja Latvia
19%
Sidon Lebanon
19%
Dudelange Luxembourg
19%
Bulawayo Zimbabwe
19%
Escaldes-Engordany Andorra
18%
Shymkent Kazakhstan
18%
Blantyre Malawi
18%
Hamhung North Korea
17%
Koror Palau
17%
Omdurman Sudan
17%
Žilina Slovakia
16%
Barquisimeto Venezuela
16%
Birkirkara Malta
15%
Pokhara Nepal
15%
Tuzla Bosnia and Herzegovina
14%
Bata Equatorial Guinea
14%
Nadi Fiji
14%
Nikšić Montenegro
14%
Celje Slovenia
14%
Gyumri Armenia
13%
Freeport Bahamas
13%
Kuala Belait Brunei
13%
Bobo-Dioulasso Burkina Faso
13%
Bitola North Macedonia
13%
Lae Papua New Guinea
13%
Ciudad del Este Paraguay
13%
Al Rayyan Qatar
13%
Salalah Oman
12%
Salto Uruguay
12%
Zarqa Jordan
11%
Beira Mozambique
11%
Lelydorp Suriname
11%
Mwanza Tanzania
11%
Franceville Gabon
10%
Pakse Laos
10%
Sumqayit Azerbaijan
9%
Speightstown Barbados
9%
Paro Bhutan
9%
Weno Federated States of Micronesia
9%
Serrekunda Gambia
9%
Carrefour Haiti
9%
Thiès Senegal
9%
Chaguanas Trinidad and Tobago
9%
Alajuela Costa Rica
8%
San Pedro de Macorís Dominican Republic
8%
Manzini Eswatini
8%
Gjilan Kosovo
8%
Khujand Tajikistan
8%
Daşoguz Turkmenistan
8%
Taiz Yemen
8%
Kitwe Zambia
8%
Riffa Bahrain
7%
San Ignacio Belize
7%
Al Ahmadi Kuwait
7%
Toamasina Madagascar
7%
Erdenet Mongolia
7%
León Nicaragua
7%
Bamenda Cameroon
6%
Berbérati Central African Republic
6%
Baucau East Timor
6%
San Miguel El Salvador
6%
Keren Eritrea
6%
Mekelle Ethiopia
6%
Bouaké Ivory Coast
6%
Nakuru Kenya
6%
Mohale's Hoek Lesotho
6%
Sikasso Mali
6%
Vacoas-Phoenix Mauritius
6%
Zinder Niger
6%
Wau South Sudan
6%
Luganville Vanuatu
6%
Molepolole Botswana
5%
Mindelo Cape Verde
5%
Abéché Chad
5%
Ali Sabieh Djibouti
5%
Nzérékoré Guinea
5%
Choloma Honduras
5%
Betio Kiribati
5%
Fuvahmulah Maldives
5%
Kiffa Mauritania
5%
Tocumen Panama
5%
Anse Boileau Seychelles
5%
Dehiwala-Mount Lavinia Sri Lanka
5%
Mutsamudu Comoros
4%
Bafatá Guinea-Bissau
4%
Linden Guyana
4%
Gbarnga Liberia
4%
Ebeye Marshall Islands
4%
Gisenyi Rwanda
4%
Vaitele Samoa
4%
Neves São Tomé and Príncipe
4%
Sokodé Togo
4%
Neiafu Tonga
4%
Liberta Antigua and Barbuda
3%
Grenville Grenada
3%
Dolisie Republic of the Congo
3%
Bisée Saint Lucia
3%
Byera Village Saint Vincent and the Grenadines
3%
Kenema Sierra Leone
3%
Auki Solomon Islands
3%
Nansana Uganda
3%
Portsmouth Dominica
2%
Boe Nauru
2%
Fig Tree Saint Kitts and Nevis
2%
Asau Tuvalu
1%
No matching quizzes found
Score Distribution
Percent of People with Each Score
Percentile by Number Answered
Your Score History
You have not taken this quiz